Συμβολή στην τοπογραφία της αρχαίας Χαλκίδος : απο τους προϊστορικούς χρόνους μέχρι το τέλος της Ρωμαϊκης περιόδου
Αποθηκεύτηκε σε:
| Κύριος συγγραφέας: | |
|---|---|
| Μορφή: | Βιβλίο |
| Γλώσσα: | Greek |
| Δημοσίευση: |
Χαλκίδα :
Εταιρεία Ευβοϊκών Σπουδών, Τοπικών Τμήμα Χαλκίδος,
1976.
|
| Θέματα: | |
| Ετικέτες: |
Προσθήκη ετικέτας
Δεν υπάρχουν, Καταχωρήστε ετικέτα πρώτοι!
|
MARC
| LEADER | 00000cam a2200000 i 4500 | ||
|---|---|---|---|
| 001 | 1/72997 | ||
| 008 | 080129s1976 gr | | | |||| ||gre|| | ||
| 035 | |l 10094285 | ||
| 040 | |a GR-MyUa |b gre |e AACR2 | ||
| 041 | 0 | |a gre | |
| 082 | 7 | |a 912.19384 |2 (22) | |
| 100 | 1 | |a Σάμψων, Αδαμάντιος Α., |d 1944- | |
| 245 | 1 | 0 | |a Συμβολή στην τοπογραφία της αρχαίας Χαλκίδος : |b απο τους προϊστορικούς χρόνους μέχρι το τέλος της Ρωμαϊκης περιόδου / |c Αδαμαντίου Α. Σαμψών. |
| 260 | |a Χαλκίδα : |b Εταιρεία Ευβοϊκών Σπουδών, Τοπικών Τμήμα Χαλκίδος, |c 1976. | ||
| 300 | |a 56 σ. ; |c 21 εκ. | ||
| 500 | |a Περιλαμβάνει βιβλιογραφίες | ||
| 650 | 0 | |a Topographic maps. | |
| 651 | 0 | |a Chalkida (Greece) |x Antiquities. | |
| 852 | |a INST |b RHODES |e 20080129 |h 912.19384 ΣΑΜ |p 005400030139 |q 005400030139 |t BK |y 0 | ||
| 901 | |a BIBL4-2008-1 | ||
| 970 | |a ΜΙΣΣΟΣ |b ΣΤΑΥΡΟΣ |z 2008/01/29 | ||